UBT Library

Power electronics : (Record no. 1301)

000 -LEADER
fixed length control field 00634nam a22002057a 4500
008 - FIXED-LENGTH DATA ELEMENTS--GENERAL INFORMATION
fixed length control field 151015b xxu||||| |||| 00| 0 eng d
020 ## - INTERNATIONAL STANDARD BOOK NUMBER
International Standard Book Number 0471226939
041 0# - LANGUAGE CODE
Language code of text/sound track or separate title eng
080 ## - UNIVERSAL DECIMAL CLASSIFICATION NUMBER
Universal Decimal Classification number 621.3
100 1# - Rafti
Rafti Mohan, Ned.
245 10 - TITLE STATEMENT
Title Power electronics :
Statement of responsibility, etc Ned Mohan, Tore M. Undeland, William P. Robbins.
250 ## -
-- 3rd ed.
260 ## -
-- Hoboken, NJ :
-- John Wiley & Sons,
-- 2003.
300 ## -
-- xvii, 802 f. :
-- me il.;
-- 26 cm. +
-- 1 CR-ROM (4 3/4 in.)
650 #0 -
-- Elektronika
650 #0 -
-- Elektroteknika
700 1# -
-- Undeland, Tore M.
700 1# -
-- Robbins, William P.
942 ## - ADDED ENTRY ELEMENTS (KOHA)
Source of classification or shelving scheme
Item type Books
Holdings
Withdrawn status Lost status Source of classification or shelving scheme Damaged status Not for loan Collection code Permanent location Current location Shelving location Date acquired Total Checkouts Full call number Barcode Date last seen Price effective from Koha item type
          Koleksioni i përgjithshem UBT - Lipjan UBT - Lipjan Koleksioni i përgjithshem 10/15/2015   621.3 MOH 002-008324 10/15/2015 10/15/2015 Books
UBT Library © 2015-2024. All rights reserved University Education for Business and Technology